VII Informe sobre violencia sociopolt̕ica contra mujeres, jv̤enes y niąs en Colombia

Bibliographic Details
Main Author: Da̕z, Ana Mara̕
Other Authors: Ramr̕ez, Mara̕ Eugenia, Benjumea, Adriana, Cardona, Clara Helena, Mabesoy, Luz Dary
Format: eBook
Language:Spanish
Published: Bogot:̀ Comisin̤ Colombiana de Juristas, 2007
Subjects:
Online Access:Acceso restringido

MARC

LEADER 00000nam a22000007a 4500
005 20200310215427.0
007 cr|||| ||||
008 200310s2007 co |||||s|||| 00||0 spa d
020 |a 978-958-8341-06-4 
035 |a 31194 
040 |a vLex 
090 |c 10216  |d 10216 
100 1 |a Da̕z, Ana Mara̕ 
245 1 0 |a VII Informe sobre violencia sociopolt̕ica contra mujeres, jv̤enes y niąs en Colombia  |h [Recurso electrn̤ico] /  |c Ana Mara̕ Da̕z, Mara̕ Eugenia Ramr̕ez, Adriana Benjumea, Clara Helena Cardona, Luz Dary Mabesoy 
256 |a Servicio en ln̕ea 
260 |a Bogot:̀  |b Comisin̤ Colombiana de Juristas,  |c 2007 
300 |a 1 recurso electrn̤ico 
506 1 |a Disponible solo en los productos indicados  |d vLex Global  |d vLex Global (Academic Edition, excluding Law Schools)  |d vLex Global (U.S. Academic Edition, Law Schools)  |d vLex Global (U.S. Academic Edition, excluding Law Schools)  |d vLex Global (Academic Edition, Law Schools) 
650 0 4 |a Derecho Internacional  |z Colombia 
700 1 |a Ramr̕ez, Mara̕ Eugenia 
700 1 |a Benjumea, Adriana 
700 1 |a Cardona, Clara Helena 
700 1 |a Mabesoy, Luz Dary 
740 0 |a vLex Libros (Servicio en ln̕ea) 
856 4 0 |u http://vlex.com/source/vii-informe-violencia-sociopolitica-mujeres-jovenes-ni-as-colombia-31194  |z Acceso restringido 
942 |c BOOK 
999 0 |a International right